MARC details
| 000 -CABECERA |
| campo de control de longitud fija |
02780cab a2200313 ab4500 |
| 005 - FECHA Y HORA DE LA ÚLTIMA TRANSACCIÓN |
| campo de control |
20250521121802.0 |
| 008 - ELEMENTOS DE LONGITUD FIJA--INFORMACIÓN GENERAL |
| campo de control de longitud fija |
991125c2017 mx fr p o 000 0 spa d |
| 035 ## - NÚMERO DE CONTROL DEL SISTEMA |
| Número de control de sistema |
UPN01000233061 |
| 040 ## - FUENTE DE LA CATALOGACIÓN |
| Centro catalogador/agencia de origen |
MX-MxUPN |
| Lengua de catalogación |
spa |
| Centro/agencia transcriptor |
MX-MxUPN |
| Normas de descripción |
aacr2 |
| 049 ## - COLECCIÓN |
| Colección |
ART-E |
| 100 1# - ASIENTO PRINCIPAL--NOMBRE PERSONAL |
| Nombre de persona |
Contreras Aburto, Janeth |
| 100 1# - ASIENTO PRINCIPAL--NOMBRE PERSONAL |
| Nombre de persona |
Beverido Sustaeta, Paulina |
| 100 1# - ASIENTO PRINCIPAL--NOMBRE PERSONAL |
| Nombre de persona |
De San Jorge Cárdenas, Xóchitl |
| 100 1# - ASIENTO PRINCIPAL--NOMBRE PERSONAL |
| Nombre de persona |
Salas García, Betzaida |
| 100 1# - ASIENTO PRINCIPAL--NOMBRE PERSONAL |
| Nombre de persona |
Ortiz León, María Cristina |
| Enlace |
- cortiz@uv.mx |
| 245 10 - MENCIÓN DE TÍTULO |
| Título |
Uso de Internet e impulsividad en estudiantes mexicanos de secundaria y bachillerato |
| Medio |
[recurso electrónico en línea] |
| 506 0# - NOTA DE RESTRICCIONES AL ACCESO |
| Limitaciones de acceso |
Acceso abierto |
| 520 3# - NOTA DE RESUMEN, ETC. |
| Sumario, etc. |
Introducción: la mayoría de los adolescentes usa Internet sin que esto repercuta en su salud; sin embargo, algunos pueden presentar pérdida de control sobre la manera en la que utilizan este medio, lo que conlleva a un uso problemático que puede derivar en adicción. Objetivo: identificar los tipos de uso de Internet en estudiantes de secundaria y bachillerato, sus posibles causas y su relación con la impulsividad. Método: se realizó un estudio observacional, transversal, analítico y ex post facto en una muestra estratificada de 123 estudiantes de secundaria y 125 de bachillerato, de entre 12 y 18 años de edad, inscritos en dos escuelas de Xalapa, Veracruz, México; se utilizó la prueba de Adicción a Internet de Young en español. Resultados: 83% de los estudiantes presentó control sobre el uso de Internet, 17% mostró un uso problemático y no se encontró adicción a la red. El uso problemático fue mayor entre los estudiantes de secundaria (23%), que entre los de bachillerato (10%). La impulsividad no fue estadísticamente significativa para presentar un uso problemático, pero sí lo fueron indicadores como estar conectado más de seis horas y el empleo exclusivo de Internet para consultar y relacionarse en las redes sociales. Discusión y conclusiones: no se encontró una relación significativa entre impulsividad y uso problemático de Internet; sin embargo, los factores de exposición pueden explicar que el individuo disminuya el contacto con su entorno familiar y social. Los hallazgos de este trabajo pueden constituir una guía para futuras líneas de investigación que profundicen en el conocimiento de este problema. RIIA |
| 653 0# - TERMINO DE INDIZACION - NO CONTROLADO |
| Término no controlado |
Adicciones |
| 653 0# - TERMINO DE INDIZACION - NO CONTROLADO |
| Término no controlado |
Uso de internet |
| 653 0# - TERMINO DE INDIZACION - NO CONTROLADO |
| Término no controlado |
Impulsividad |
| 653 0# - TERMINO DE INDIZACION - NO CONTROLADO |
| Término no controlado |
Adolescentes |
| 773 ## - ENLACE AL DOCUMENTO FUENTE/ENTRADA DE REGISTRO ANFITRIÓN |
| Parte(s) relacionada(s) |
Vol. 3, no. 2, (2017), p. 3-11 |
| Título |
Revista internacional de investigación en adicciones |
| Número Internacional Normalizado para Publicaciones Seriadas |
2448-6396 |
| 856 4# - LOCALIZACIÓN Y ACCESO ELECTRÓNICOS |
| Identificador Uniforme del Recurso |
<a href="http://riiad.org/index.php/riiad/article/view/riiad.2017.2.02/172">http://riiad.org/index.php/riiad/article/view/riiad.2017.2.02/172</a> |
| 856 4# - LOCALIZACIÓN Y ACCESO ELECTRÓNICOS |
| Identificador Uniforme del Recurso |
<a href="https://doi.org/10.28931/riiad.2017.2.02">https://doi.org/10.28931/riiad.2017.2.02</a> |
| 902 ## - ELEMENTOS DE DATOS B LOCAL, LDB (RLIN) |
| Creó |
Leonor Sotres/210525 |
| 905 ## - TIPO DE MATERIAL |
| Tipo de material |
Articulo |
| 942 ## - ELEMENTOS DE PUNTO DE ACCESO ADICIONAL (KOHA) |
| Tipo de ítem Koha |
Artículo Electrónico |